[Event "XIX Festival Conca della Presolana Magistrale"]
[Site "Bratto - Castione della Presolana ITA"]
[Date "1999.08.23"]
[Round "2"]
[White "Battaggia, Piergiorgio"]
[Black "Skembris, Spyridon"]
[Result "0-1"]
[WhiteElo "2083"]
[BlackElo "2477"]
[PlyCount "80"]
[EventDate "1999.08.22"]

1.d4 c5 2.e3 Nf6 3.c4 g6 4.Nf3 Bg7 5.Be2 O-O 6.O-O cxd4 7.Nxd4 Nc6 8.Nc3 
d6 9.b3 Nxd4 10.exd4 d5 11.Be3 Qa5 12.Rc1 Rd8 13.cxd5 Nxd5 14.Nxd5 Qxd5 
15.Rc5 Qd6 16.Qc1 Be6 17.Bf3 Qa6 18.Rc7 Qxa2 19.Rxb7 Bxb3 20.Qc3 Be6 21.
Ra1 Rac8 22.Qe1 Qc4 23.Rbxa7 Bf6 24.Rc1 Qd3 25.Rd1 Qf5 26.h3 h5 27.Ra5 Bd5
28.Rc5 Qe6 29.Be2 Ra8 30.Ra5 Rab8 31.Rc5 Rb2 32.Qa5 Ra8 33.Qe1 Raa2 34.Bf1
Kh7 35.Ra5 Rxa5 36.Qxa5 Qe4 37.Qc3 Rb3 38.Qc7 Rxe3 39.fxe3 Qxe3+ 40.Kh2 
Bg5 0-1

[Event "XIX Festival Conca della Presolana Magistrale"]
[Site "Bratto - Castione della Presolana ITA"]
[Date "1999.08.23"]
[Round "2"]
[White "Borgo, Giulio"]
[Black "Drabke, Lorenz Maximilian"]
[Result "1-0"]
[WhiteElo "2444"]
[BlackElo "2102"]
[PlyCount "87"]
[EventDate "1999.08.22"]

1.Nf3 c5 2.c4 Nc6 3.Nc3 g6 4.e3 Bg7 5.d4 Nf6 6.d5 Na5 7.e4 d6 8.h3 O-O 9.
Bd3 a6 10.O-O e6 11.Be3 Qc7 12.Qd2 Bd7 13.Rab1 Rab8 14.b4 cxb4 15.Rxb4 b5 
16.cxb5 axb5 17.dxe6 fxe6 18.Nxb5 Bxb5 19.Bxb5 Nxe4 20.Rxe4 Rxb5 21.Ng5 
Qd7 22.Nxe6 Qc6 23.Rd4 Nc4 24.Rxc4 Qxc4 25.Nxf8 Bxf8 26.Rc1 Qe4 27.Qc2 
Qxc2 28.Rxc2 d5 29.Kf1 Bg7 30.Ke2 d4 31.Bd2 Rd5 32.Kd3 Rf5 33.f3 h5 34.a4 
Rf7 35.a5 Rb7 36.Ra2 Ra7 37.a6 Kf7 38.Kc4 Ke6 39.Kb5 Kd7 40.Kb6 Ra8 41.Kb7
Rc8 42.a7 Rc7+ 43.Kb6 Rc6+ 44.Kb5 1-0

[Event "XIX Festival Conca della Presolana Magistrale"]
[Site "Bratto - Castione della Presolana ITA"]
[Date "1999.08.23"]
[Round "2"]
[White "Brancaleoni, Maurizio"]
[Black "Lanzani, Mario"]
[Result "0-1"]
[WhiteElo "2197"]
[BlackElo "2403"]
[PlyCount "128"]
[EventDate "1999.08.22"]

1.Nf3 d5 2.d4 c6 3.c4 e6 4.Qc2 dxc4 5.Qxc4 b5 6.Qc2 Bb7 7.Bg5 Qb6 8.e3 Nd7
9.Be2 Ngf6 10.O-O c5 11.a4 bxa4 12.Nbd2 Be7 13.Nc4 Qd8 14.Rfd1 Ne4 15.Bf4 
O-O 16.dxc5 Qc8 17.Qxa4 Nexc5 18.Qa2 Bd5 19.Nfd2 Nb6 20.Nxb6 axb6 21.Qb1 
Rxa1 22.Qxa1 Qb7 23.Bf3 Rd8 24.Qb1 Bf6 25.Qc2 h6 26.b3 g5 27.Bg3 Kg7 28.h3
Bxf3 29.Nxf3 Qe4 30.Qb1 b5 31.Rc1 Qxb1 32.Rxb1 Rd5 33.Kf1 b4 34.Ke2 Ne4 
35.Rc1 Bb2 36.Rc2 Bc3 37.Ra2 Kg6 38.Bc7 f6 39.g3 h5 40.Bb8 Rd8 41.Ba7 g4 
42.hxg4 hxg4 43.Nh4+ Kh6 44.Ng2 e5 45.Nh4 Kg5 46.Bb6 Rd6 47.Bc7 Rd7 48.Bb6
Kh6 49.Nf5+ Kg6 50.Nh4+ Kf7 51.Ba7 Rd8 52.Bb6 Rd6 53.Ba7 Ke6 54.Ng6 f5 55.
Bb8 Rb6 56.Bc7 Rc6 57.Bb8 Kf6 58.Nh4 Nc5 59.f4 gxf3+ 60.Nxf3 Nxb3 61.Ra4 
Ke6 62.Ba7 Kd5 63.Ne1 Kc4 64.Nd3 Rd6 0-1

[Event "XIX Festival Conca della Presolana Magistrale"]
[Site "Bratto - Castione della Presolana ITA"]
[Date "1999.08.23"]
[Round "2"]
[White "Campanile, Antonio"]
[Black "Mascheroni, Maurizio"]
[Result "1/2-1/2"]
[WhiteElo "2156"]
[BlackElo "2067"]
[PlyCount "44"]
[EventDate "1999.08.22"]

1.f4 Nf6 2.Nf3 b6 3.g3 Bb7 4.Bg2 e6 5.b3 Be7 6.Bb2 O-O 7.O-O c5 8.d3 d5 9.
e3 Nc6 10.Qe2 Qc7 11.Na3 a6 12.c4 Rad8 13.Rad1 dxc4 14.Nxc4 Nd7 15.e4 b5 
16.Ne3 Nf6 17.f5 Nd4 18.Qf2 h5 19.Bh3 e5 20.g4 hxg4 21.Nxg4 Nxg4 22.Bxg4 
Rfe8 1/2-1/2

[Event "XIX Festival Conca della Presolana Magistrale"]
[Site "Bratto - Castione della Presolana ITA"]
[Date "1999.08.23"]
[Round "2"]
[White "Caruso, Daniele"]
[Black "Barbafiera, Luigi"]
[Result "1/2-1/2"]
[WhiteElo "2103"]
[BlackElo "1915"]
[PlyCount "96"]
[EventDate "1999.08.22"]

1.Nf3 Nf6 2.b3 b6 3.Bb2 Bb7 4.e3 e6 5.Be2 Be7 6.O-O d5 7.Ne5 O-O 8.f4 c5 
9.d3 Nc6 10.Nd2 Qc7 11.Bf3 Rad8 12.Qe2 Nd7 13.d4 Bd6 14.c3 f6 15.Nxc6 Bxc6
16.Rac1 f5 17.g4 Rde8 18.g5 a6 19.c4 Qb7 20.Qg2 Rc8 21.Rfd1 b5 22.Ba1 cxd4
23.cxd5 Bxd5 24.Bxd5 Qxd5 25.Qxd5 exd5 26.Bxd4 Ba3 27.Rxc8 Rxc8 28.Nf3 g6 
29.Rd2 Kf7 30.Kf2 Ke6 31.Bb2 Bb4 32.Nd4+ Kd6 33.Rc2 Rxc2+ 34.Nxc2 Ba5 35.
Bd4 Bb6 36.Bxb6 Nxb6 37.Ke2 Kc5 38.a3 a5 39.Kd3 a4 40.bxa4 bxa4 41.Nd4 Kd6
42.Nb5+ Kc6 43.Nc3 Kc5 44.h3 Kc6 45.Kd4 Kd6 46.h4 Kc6 47.Nd1 Nc4 48.Nc3 
Nb6 1/2-1/2

[Event "XIX Festival Conca della Presolana Magistrale"]
[Site "Bratto - Castione della Presolana ITA"]
[Date "1999.08.23"]
[Round "2"]
[White "Castaldo, Folco"]
[Black "Szekely, Peter"]
[Result "0-1"]
[WhiteElo "2225"]
[BlackElo "2436"]
[PlyCount "122"]
[EventDate "1999.08.22"]

1.e4 c5 2.c3 Nf6 3.e5 Nd5 4.d4 cxd4 5.Nf3 d6 6.cxd4 Nc6 7.Bc4 dxe5 8.Nxe5 
e6 9.O-O Be7 10.Nxc6 bxc6 11.Nc3 O-O 12.Re1 Rb8 13.Bb3 Ba6 14.Qf3 Rb4 15.
Be3 Nxe3 16.fxe3 c5 17.dxc5 Bxc5 18.Rad1 Qc7 19.Qg3 Qxg3 20.hxg3 Rc8 21.
Na4 Be7 22.Rd7 Rb7 23.Red1 Kf8 24.Rxb7 Bxb7 25.Rd7 Rb8 26.Nc3 a6 27.Kf2 
Bc8 28.Rd4 Bf6 29.Rc4 Be5 30.Rh4 h6 31.Re4 f6 32.Rc4 Ke7 33.g4 Bd7 34.Na4 
Bb5 35.Rc2 Rd8 36.Nc5 Rd1 37.g3 Rh1 38.a4 Bc6 39.Nxa6 Rh2+ 40.Ke1 Bxg3+ 
41.Kf1 Rh1+ 42.Ke2 Be4 43.Rc4 Rh2+ 44.Kd1 Bd5 45.Rb4 Bd6 46.Rb5 Bf3+ 47.
Kc1 Be5 48.Bc4 f5 49.Nc5 h5 50.e4 hxg4 51.Rb6 g3 52.Rxe6+ Kd8 53.Nb7+ Kc8 
54.Nc5 g2 55.Re8+ Kc7 56.Na6+ Kd7 57.Bb5+ Kd6 58.Rd8+ Ke7 59.Rd7+ Kf8 60.
Rd8+ Kf7 61.Rd7+ Kg6 0-1

[Event "XIX Festival Conca della Presolana Magistrale"]
[Site "Bratto - Castione della Presolana ITA"]
[Date "1999.08.23"]
[Round "2"]
[White "Dervishi, Erald"]
[Black "Bresciani, Nicola"]
[Result "1-0"]
[WhiteElo "2496"]
[BlackElo "2275"]
[PlyCount "63"]
[EventDate "1999.08.22"]

1.e4 c5 2.Nf3 d6 3.d4 cxd4 4.Nxd4 Nf6 5.Nc3 a6 6.Be2 e5 7.Nb3 Be7 8.O-O 
O-O 9.Kh1 b6 10.Be3 Bb7 11.f3 b5 12.a4 b4 13.Nd5 Nxd5 14.exd5 a5 15.c4 
bxc3 16.bxc3 Bg5 17.Bf2 Qc7 18.c4 Nd7 19.Nd2 f5 20.Nb1 Rfc8 21.Na3 Qd8 22.
Qb1 Ba6 23.Qxf5 Nc5 24.Nb5 g6 25.Qg4 Rcb8 26.Nxd6 Qxd6 27.Qxg5 Rb4 28.Bxc5
Qxc5 29.Qxe5 Bxc4 30.Bxc4 Rxc4 31.Rfd1 Rd8 32.Qe6+ 1-0

[Event "XIX Festival Conca della Presolana Magistrale"]
[Site "Bratto - Castione della Presolana ITA"]
[Date "1999.08.23"]
[Round "2"]
[White "Di Fonzo, Valerio"]
[Black "Bellini, Fabio"]
[Result "0-1"]
[WhiteElo "2211"]
[BlackElo "2418"]
[PlyCount "82"]
[EventDate "1999.08.22"]

1.e4 c5 2.Nf3 e6 3.d4 cxd4 4.Nxd4 Nc6 5.Nb5 d6 6.c4 Nf6 7.N1c3 a6 8.Na3 
Be7 9.Be3 O-O 10.Be2 b6 11.O-O Ne5 12.f4 Ned7 13.Bf3 Bb7 14.Qe1 Qc7 15.Rd1
Rac8 16.Kh1 Qb8 17.Bf2 Bc6 18.Nab1 b5 19.cxb5 axb5 20.b4 Nb6 21.a3 Nc4 22.
e5 dxe5 23.Bxc6 Rxc6 24.fxe5 Ng4 25.Rd7 Bf6 26.Bg3 Bxe5 27.Qe4 Bxg3 28.
Qxc6 Nxh2 29.Rfxf7 Rxf7 30.Qxe6 Ne5 31.Re7 Kf8 32.Rxf7+ Nxf7 33.Ne4 Nf1 
34.Qf5 Qd8 35.Qc5+ Kg8 36.Nxg3 Nxg3+ 37.Kg1 Ne4 38.Qxb5 Nfg5 39.Qc4+ Kh8 
40.Nc3 Nf3+ 41.gxf3 Qg5+ 0-1

[Event "XIX Festival Conca della Presolana Magistrale"]
[Site "Bratto - Castione della Presolana ITA"]
[Date "1999.08.23"]
[Round "2"]
[White "Epishin, Vladimir V."]
[Black "Menoni, Vincenzo"]
[Result "1-0"]
[WhiteElo "2657"]
[BlackElo "2281"]
[PlyCount "75"]
[EventDate "1999.08.22"]

1.d4 Nf6 2.c4 g6 3.Nc3 Bg7 4.e4 d6 5.Nf3 O-O 6.Be2 e5 7.O-O Nc6 8.d5 Ne7 
9.b4 Nh5 10.Qc2 f5 11.Ng5 Nf4 12.Bxf4 exf4 13.Rae1 Nc6 14.Ne6 Nd4 15.Nxd4 
Bxd4 16.Bf3 Be5 17.c5 a5 18.Qb3 axb4 19.Qxb4 b6 20.cxd6 Qxd6 21.Qb3 Ba6 
22.Nb5 Bxb5 23.Qxb5 Rxa2 24.exf5 gxf5 25.Qc4 Ra5 26.Re2 Kh8 27.h3 b5 28.
Qc2 b4 29.Qc4 b3 30.Qxb3 Ra3 31.Qd1 Rxf3 32.gxf3 Rg8+ 33.Kh2 Qg6 34.Rg1 
Qxg1+ 35.Qxg1 Rxg1 36.Kxg1 Bd6 37.Kf1 Kg7 38.Re6 1-0

[Event "XIX Festival Conca della Presolana Magistrale"]
[Site "Bratto - Castione della Presolana ITA"]
[Date "1999.08.23"]
[Round "2"]
[White "Giretti Kanev, Jasen"]
[Black "Pass, Deborah J."]
[Result "1-0"]
[WhiteElo "2152"]
[BlackElo "2030"]
[PlyCount "66"]
[EventDate "1999.08.22"]

1.e4 g6 2.d4 Bg7 3.Nf3 c6 4.Be2 d5 5.e5 Bg4 6.O-O e6 7.Nc3 Nd7 8.Ng5 Bxe2 
9.Nxe2 h6 10.Nh3 Ne7 11.Qd3 c5 12.b3 cxd4 13.f4 Nf5 14.Nxd4 Qb6 15.Bb2 O-O
16.g4 Nc5 17.Qf3 Nh4 18.Qf2 Qd8 19.g5 hxg5 20.Nxg5 Ne4 21.Qxh4 Nxg5 22.
Qxg5 Qxg5+ 23.fxg5 Bxe5 24.Rae1 Bg7 25.c3 Rac8 26.Rf3 e5 27.Nb5 a6 28.Nd6 
Rc7 29.c4 Rd8 30.Rxe5 dxc4 31.Re8+ Rxe8 32.Nxe8 Bxb2 33.Nxc7 c3 1-0

[Event "XIX Festival Conca della Presolana Magistrale"]
[Site "Bratto - Castione della Presolana ITA"]
[Date "1999.08.23"]
[Round "2"]
[White "Godena, Michele"]
[Black "Mariano, Elia"]
[Result "1-0"]
[WhiteElo "2490"]
[BlackElo "2235"]
[PlyCount "45"]
[EventDate "1999.08.22"]

1.e4 e6 2.d3 d5 3.Qe2 dxe4 4.dxe4 Nc6 5.Nf3 e5 6.c3 Nf6 7.Qc2 Bd6 8.Nbd2 
O-O 9.Nc4 Re8 10.Bg5 Be6 11.Rd1 Qe7 12.Be2 Rad8 13.O-O Rd7 14.b4 Bxc4 15.
Bxc4 Nd8 16.Bxf6 Qxf6 17.Qa4 Qe7 18.Qxa7 b5 19.Bb3 c5 20.Qb6 cxb4 21.cxb4 
Bxb4 22.Qxb5 Rb7 23.Qxe5 1-0

[Event "XIX Festival Conca della Presolana Magistrale"]
[Site "Bratto - Castione della Presolana ITA"]
[Date "1999.08.23"]
[Round "2"]
[White "Griffa, Roberto"]
[Black "Ranieri, Fabrizio"]
[Result "1-0"]
[WhiteElo "2053"]
[BlackElo "2155"]
[PlyCount "69"]
[EventDate "1999.08.22"]

1.d4 e6 2.c4 d5 3.Nc3 Nf6 4.cxd5 exd5 5.Bg5 Be7 6.e3 O-O 7.Bd3 c6 8.Qc2 
Nbd7 9.Nf3 Re8 10.O-O Nf8 11.Rab1 Ng6 12.Bxf6 Bxf6 13.b4 a6 14.a4 Bg4 15.
Nd2 Qd6 16.Rfc1 Bd8 17.Nf1 Bc7 18.b5 Ba5 19.bxa6 bxa6 20.Ng3 c5 21.Bf5 
cxd4 22.exd4 Bxc3 23.Qxc3 Bxf5 24.Nxf5 Qe6 25.Ne3 Nf4 26.Qd2 Qe4 27.Re1 
Qg6 28.Rbd1 Rac8 29.f3 h5 30.Ng4 Rxe1+ 31.Rxe1 Nd3 32.Ne5 Nxe5 33.Rxe5 Rc2
34.Qg5 Qc6 35.Qd8+ 1-0

[Event "XIX Festival Conca della Presolana Magistrale"]
[Site "Bratto - Castione della Presolana ITA"]
[Date "1999.08.23"]
[Round "2"]
[White "Lapiccirella, Daniele"]
[Black "Everet, Alexandro"]
[Result "0-1"]
[WhiteElo "1891"]
[BlackElo "2294"]
[PlyCount "78"]
[EventDate "1999.08.22"]

1.d4 Nf6 2.c4 g6 3.Nc3 Bg7 4.e4 d6 5.f3 O-O 6.Be3 c6 7.Bd3 Nbd7 8.Nge2 e5 
9.d5 Ne8 10.O-O f5 11.dxc6 bxc6 12.c5 f4 13.Bf2 Kh8 14.Bc4 Qe7 15.cxd6 
Nxd6 16.Bb3 Ba6 17.Qc2 Nc4 18.Bxc4 Bxc4 19.Na4 Qf7 20.b3 Bb5 21.Rfd1 Nf6 
22.Nc5 Bxe2 23.Qxe2 g5 24.Rac1 Rae8 25.Qc4 Qg6 26.Nd7 Nxd7 27.Rxd7 g4 28.
fxg4 Qxg4 29.Rxa7 Rf6 30.h3 Qg5 31.Kh2 f3 32.g3 Rh6 33.Qf1 Qd2 34.Qe1 
Rxh3+ 35.Kxh3 Qh6+ 36.Kg4 Rf8 37.Qe3 Qe6+ 38.Kh4 Bf6+ 39.Kh5 Qh3# 0-1

[Event "XIX Festival Conca della Presolana Magistrale"]
[Site "Bratto - Castione della Presolana ITA"]
[Date "1999.08.23"]
[Round "2"]
[White "Lapiccirella, Mattia"]
[Black "Gorelli Fagiolini, Marco"]
[Result "0-1"]
[WhiteElo "2124"]
[BlackElo "2206"]
[PlyCount "86"]
[EventDate "1999.08.22"]

1.d4 Nf6 2.c4 e6 3.Nf3 b6 4.g3 Ba6 5.b3 Bb4+ 6.Bd2 Be7 7.Nc3 O-O 8.e4 d5 
9.cxd5 Bxf1 10.Kxf1 exd5 11.e5 Ne4 12.Kg2 c5 13.Re1 Nxc3 14.Bxc3 Qd7 15.
Qe2 Qe6 16.h4 Nc6 17.Rad1 Rfd8 18.Qb2 Rac8 19.Re2 Rd7 20.Qb1 h6 21.h5 Rcd8
22.Qd3 c4 23.Qd2 b5 24.b4 a5 25.a3 axb4 26.axb4 Ra8 27.Nh2 Ra4 28.Rb1 Qf5 
29.Rb2 Qxh5 30.g4 Qg6 31.f4 Qd3 32.Qe1 Ra3 33.Re3 Qh7 34.f5 Rda7 35.Nf3 h5
36.f6 hxg4 37.fxe7 Nxe7 38.Ng5 Qh5 39.e6 Qxg5 40.exf7+ Kxf7 41.Rf2+ Nf5 
42.Re5 g6 43.Bd2 Qh5 0-1

[Event "XIX Festival Conca della Presolana Magistrale"]
[Site "Bratto - Castione della Presolana ITA"]
[Date "1999.08.23"]
[Round "2"]
[White "Leoni, Fabrizio"]
[Black "Osuna Munoz, Xavier"]
[Result "1-0"]
[WhiteElo "1905"]
[BlackElo "2096"]
[PlyCount "85"]
[EventDate "1999.08.22"]

1.Nf3 Nf6 2.d4 g6 3.c4 Bg7 4.Nc3 O-O 5.e4 d6 6.Be2 Nbd7 7.O-O Re8 8.Qc2 e5
9.d5 a5 10.Na4 b6 11.Ne1 Nc5 12.f3 Nh5 13.Nd3 Nxd3 14.Bxd3 Nf4 15.Nc3 h5 
16.Nb5 Bf6 17.Be3 Kg7 18.a3 Bd7 19.Rfc1 Bg5 20.Qd2 f6 21.Bf1 h4 22.Nc3 Rh8
23.b4 Rh5 24.Ne2 Nxe2+ 25.Bxe2 Bxe3+ 26.Qxe3 Rg5 27.Kh1 f5 28.f4 exf4 29.
Qxf4 h3 30.g3 fxe4 31.Qxe4 Re5 32.Qd4 c5 33.dxc6 Bxc6+ 34.Kg1 axb4 35.axb4
Rxa1 36.Rxa1 Qg5 37.Bf1 Qf5 38.Ra7+ Kh6 39.Qh4+ Qh5 40.Qf4+ Qg5 41.Qf8+ 
Kh5 42.Rh7+ Kg4 43.Bxh3# 1-0

[Event "XIX Festival Conca della Presolana Magistrale"]
[Site "Bratto - Castione della Presolana ITA"]
[Date "1999.08.23"]
[Round "2"]
[White "Mantovani, Renzo"]
[Black "Lantini, Marco"]
[Result "0-1"]
[WhiteElo "2419"]
[BlackElo "2193"]
[PlyCount "68"]
[EventDate "1999.08.22"]

1.Nf3 Nf6 2.c4 e6 3.g3 a6 4.Bg2 b5 5.O-O bxc4 6.Qa4 Bb7 7.Na3 Bc6 8.Qxc4 
Bxa3 9.bxa3 Bb5 10.Qb3 Bxe2 11.Ne5 Bxf1 12.Bxa8 Bh3 13.Bb2 O-O 14.Rc1 d6 
15.Nc6 Nxc6 16.Bxc6 e5 17.Qa4 Qb8 18.Bc3 Qb6 19.Ba5 Qb2 20.Qc2 Qxa3 21.
Bxc7 d5 22.d3 e4 23.Qc3 Qxa2 24.dxe4 dxe4 25.Bb6 Nd5 26.Bxd5 Qxd5 27.Be3 
h6 28.Qe1 Qf5 29.Bf4 Qb5 30.Qc3 Rc8 31.Bc7 Qb7 32.Qe5 e3 33.f3 Qxf3 34.Qb2
e2 0-1

[Event "XIX Festival Conca della Presolana Magistrale"]
[Site "Bratto - Castione della Presolana ITA"]
[Date "1999.08.23"]
[Round "2"]
[White "Mauro, Alan"]
[Black "Solinas, Carlo"]
[Result "1-0"]
[WhiteElo "2278"]
[BlackElo "2087"]
[PlyCount "41"]
[EventDate "1999.08.22"]

1.e4 e5 2.Nf3 Nc6 3.Nc3 Nf6 4.Bb5 Nd4 5.Bc4 Nxf3+ 6.Qxf3 c6 7.d3 b5 8.Bb3 
h6 9.a3 Bc5 10.Qg3 Qe7 11.Be3 Bxe3 12.fxe3 O-O 13.O-O d6 14.Rf2 Ng4 15.Rf3
Qg5 16.Raf1 Be6 17.h3 Nf6 18.Qf2 Bxb3 19.Rg3 Qg6 20.Rxg6 fxg6 21.cxb3 1-0

[Event "XIX Festival Conca della Presolana Magistrale"]
[Site "Bratto - Castione della Presolana ITA"]
[Date "1999.08.23"]
[Round "2"]
[White "Moloney, Nicholas R."]
[Black "Luchsinger, Eric"]
[Result "1/2-1/2"]
[WhiteElo "2128"]
[BlackElo "2200"]
[PlyCount "107"]
[EventDate "1999.08.22"]

1.c4 c5 2.Nf3 Nc6 3.g3 g6 4.Bg2 Bg7 5.O-O e5 6.Nc3 Nge7 7.d3 O-O 8.Nd5 d6 
9.Rb1 a5 10.a3 Rb8 11.Nd2 Be6 12.e3 b5 13.Nxe7+ Nxe7 14.cxb5 Rxb5 15.Qa4 
Bd7 16.Qc2 Qb8 17.a4 Rb4 18.b3 Qc7 19.Nc4 d5 20.Nd2 Rc8 21.Ba3 Rbb8 22.
Rfc1 Qd8 23.Bxc5 Be6 24.Qa2 Nc6 25.Qa3 Nb4 26.Bxb4 Rxb4 27.Rxc8 Qxc8 28.
Rc1 Qd8 29.Qb2 Rb8 30.Bf1 Qb6 31.Be2 d4 32.exd4 Qb4 33.Nc4 Qxb3 34.Qxb3 
Rxb3 35.Nxa5 Ra3 36.Nb7 Rxa4 37.Nc5 Ra2 38.Nxe6 fxe6 39.Bd1 Ra7 40.Bb3 Kf7
41.Rc6 Re7 42.Kg2 Bh6 43.h4 Bd2 44.Bc4 Kf6 45.Kf3 Kf7 46.Kg4 h5+ 47.Kf3 
Bh6 48.Ke2 Kf6 49.Rd6 Bc1 50.Kf1 Bd2 51.Kg2 Bh6 52.f3 Be3 53.g4 Bd2 54.g5+
1/2-1/2

[Event "XIX Festival Conca della Presolana Magistrale"]
[Site "Bratto - Castione della Presolana ITA"]
[Date "1999.08.23"]
[Round "2"]
[White "Moncelli, Giorgio"]
[Black "Malfagia, Andrea"]
[Result "0-1"]
[WhiteElo "2174"]
[BlackElo "2306"]
[PlyCount "108"]
[EventDate "1999.08.22"]

1.c4 e5 2.Nc3 Nf6 3.g3 Bb4 4.Bg2 O-O 5.Nf3 Re8 6.O-O Nc6 7.Ne1 e4 8.Nc2 
Bc5 9.d3 exd3 10.exd3 a6 11.d4 Ba7 12.Be3 d6 13.h3 Bf5 14.Rc1 Ne4 15.Nd5 
h6 16.Kh2 Ne7 17.Nf4 Bh7 18.d5 Nf5 19.Bxa7 Rxa7 20.Nd4 Qf6 21.Nxf5 Bxf5 
22.Re1 Raa8 23.Rc2 Nxg3 24.Rxe8+ Rxe8 25.fxg3 Bxc2 26.Qxc2 Qd4 27.h4 g5 
28.hxg5 hxg5 29.Nh5 Qh8 30.Qd1 f5 31.Kg1 Qxb2 32.Qd3 Re1+ 33.Bf1 Qe5 34.g4
fxg4 35.Qg6+ Kf8 36.Qh6+ Ke7 37.Qh7+ Kd8 38.Qg8+ Ke7 39.Qh7+ Kd8 40.Qg8+ 
Kd7 41.Qf7+ Kc8 42.Qf8+ Qe8 43.Qf5+ Kb8 44.Qxg4 Qe3+ 45.Kg2 Qd2+ 46.Kg1 
Qd1 47.Qh3 Rxf1+ 48.Qxf1 Qxh5 49.Qf8+ Ka7 50.Qf2+ b6 51.Qd4 Qh4 52.Qd3 Qf4
53.a4 a5 54.Qb3 g4 0-1

[Event "XIX Festival Conca della Presolana Magistrale"]
[Site "Bratto - Castione della Presolana ITA"]
[Date "1999.08.23"]
[Round "2"]
[White "Oppici, Gabriele"]
[Black "Alberton, Roberto"]
[Result "1-0"]
[WhiteElo "2052"]
[BlackElo "2138"]
[PlyCount "70"]
[EventDate "1999.08.22"]

1.Nc3 Nf6 2.d4 d5 3.Bg5 Bf5 4.e3 e6 5.Bd3 Bg6 6.Nf3 Be7 7.O-O Nbd7 8.Ne2 
O-O 9.c4 c6 10.Bxg6 hxg6 11.Qd3 Re8 12.Nc3 dxc4 13.Qxc4 Nd5 14.Bxe7 Qxe7 
15.Rfd1 N5b6 16.Qb3 Rad8 17.a4 Nf6 18.a5 Nbd5 19.Ne5 Rc8 20.Re1 Rc7 21.Qd1
Qb4 22.Qd2 Nd7 23.Nd3 Qe7 24.Ne4 N5f6 25.Nec5 Rd8 26.Qb4 Nxc5 27.Nxc5 Nd7 
28.Rec1 e5 29.Nd3 Qxb4 30.Nxb4 exd4 31.Nd5 Rcc8 32.Ne7+ Kf8 33.Nxc8 Rxc8 
34.exd4 Nf6 35.Rc5 Rd8 1-0

[Event "XIX Festival Conca della Presolana Magistrale"]
[Site "Bratto - Castione della Presolana ITA"]
[Date "1999.08.23"]
[Round "2"]
[White "Perissinotto, Claudio"]
[Black "Astengo, Corrado"]
[Result "1/2-1/2"]
[WhiteElo "1990"]
[BlackElo "2164"]
[PlyCount "31"]
[EventDate "1999.08.22"]

1.e4 c5 2.c3 d5 3.exd5 Qxd5 4.d4 Nf6 5.Nf3 Bg4 6.Be2 e6 7.h3 Bh5 8.c4 Qd6 
9.O-O Nc6 10.dxc5 Qxd1 11.Rxd1 Bxc5 12.Nc3 h6 13.Bf4 O-O 14.Bd6 Bxd6 15.
Rxd6 Rfd8 16.Rad1 1/2-1/2

[Event "XIX Festival Conca della Presolana Magistrale"]
[Site "Bratto - Castione della Presolana ITA"]
[Date "1999.08.23"]
[Round "2"]
[White "Profumo, Alberto"]
[Black "Cebalo, Miso"]
[Result "1/2-1/2"]
[WhiteElo "2268"]
[BlackElo "2453"]
[PlyCount "77"]
[EventDate "1999.08.22"]

1.Nf3 Nf6 2.d4 g6 3.g3 Bg7 4.Bg2 d6 5.O-O O-O 6.c4 c6 7.Nc3 Qb6 8.h3 Qa6 
9.b3 b5 10.cxb5 cxb5 11.Bg5 Nbd7 12.Ne5 dxe5 13.Bxa8 Nb6 14.Bg2 exd4 15.
Bxf6 Bxf6 16.Ne4 Bg7 17.Nc5 Qa5 18.a3 Nd7 19.b4 Qb6 20.Rc1 Ne5 21.Qb3 h5 
22.Rfd1 Nc4 23.a4 a6 24.axb5 axb5 25.Qf3 Ne5 26.Qb3 Rd8 27.h4 Bg4 28.Rc2 
Nc4 29.Bf3 Bf5 30.Ra2 Qc7 31.Kg2 Kh7 32.Ra6 Ne5 33.Qa2 Nxf3 34.exf3 Kg8 
35.Ra8 Rxa8 36.Qxa8+ Kh7 37.Ne4 Bxe4 38.Qxe4 Qd6 39.Qd3 1/2-1/2

[Event "XIX Festival Conca della Presolana Magistrale"]
[Site "Bratto - Castione della Presolana ITA"]
[Date "1999.08.23"]
[Round "2"]
[White "Quinn, Mark Peter"]
[Black "Capece, Adolivio"]
[Result "1-0"]
[WhiteElo "2377"]
[BlackElo "2051"]
[PlyCount "47"]
[EventDate "1999.08.22"]

1.Nf3 c5 2.c4 Nc6 3.Nc3 g6 4.g3 Bg7 5.Bg2 d6 6.O-O Bg4 7.h3 Bd7 8.e3 Qc8 
9.Kh2 h5 10.d4 Nf6 11.d5 Nb4 12.e4 h4 13.Nxh4 Nh5 14.a3 Na6 15.Be3 Bf6 16.
Qd2 Bxh4 17.gxh4 Nf6 18.Bg5 Nc7 19.e5 dxe5 20.d6 Ne6 21.dxe7 Nf4 22.Bxf6 
Nxg2 23.Ne4 Nxh4 24.Nd6# 1-0

[Event "XIX Festival Conca della Presolana Magistrale"]
[Site "Bratto - Castione della Presolana ITA"]
[Date "1999.08.23"]
[Round "2"]
[White "Ragonese, Lucio Rosario"]
[Black "Zoldan, Matteo"]
[Result "1-0"]
[WhiteElo "2010"]
[BlackElo "2105"]
[PlyCount "109"]
[EventDate "1999.08.22"]

1.d4 Nf6 2.Nf3 g6 3.Bg5 Bg7 4.Nbd2 O-O 5.e4 d6 6.Be2 Nbd7 7.O-O h6 8.Bh4 
g5 9.Bg3 Nh5 10.c3 e6 11.Ne1 Nxg3 12.hxg3 Nb6 13.f4 f5 14.e5 dxe5 15.fxe5 
Nd5 16.Nc2 g4 17.Nc4 h5 18.N4e3 Nxe3 19.Nxe3 h4 20.Qe1 Qg5 21.Nc4 hxg3 22.
Qxg3 Bd7 23.Rf4 Bh6 24.Raf1 Rf7 25.R4f2 Rg7 26.Rf4 Qh5 27.Ne3 Bxf4 28.Rxf4
Rf8 29.Qf2 Rh7 30.Kf1 Qh1+ 31.Qg1 Bc6 32.Bc4 Qh6 33.Qf2 Kh8 34.Nxg4 Qh1+ 
35.Ke2 Qxg2 36.Qxg2 Bxg2 37.Bxe6 Be4 38.Nf6 Rh2+ 39.Ke3 Rh3+ 40.Kf2 Rh2+ 
41.Kg3 Rg2+ 42.Kh3 Rg4 43.Nxg4 fxg4+ 44.Kxg4 Rxf4+ 45.Kxf4 Bb1 46.Kg5 Kg7 
47.Bc8 b6 48.a3 Be4 49.Bf5 Bd5 50.Kf4 Kf7 51.Be4 Bb3 52.d5 a5 53.Ke3 Ke7 
54.Kd4 Kd7 55.c4 1-0

[Event "XIX Festival Conca della Presolana Magistrale"]
[Site "Bratto - Castione della Presolana ITA"]
[Date "1999.08.23"]
[Round "2"]
[White "Ricci, Alfredo"]
[Black "Pagnoncelli, Marco"]
[Result "1-0"]
[WhiteElo "2042"]
[BlackElo "2122"]
[PlyCount "87"]
[EventDate "1999.08.22"]

1.e4 c5 2.Nf3 d6 3.d4 cxd4 4.Nxd4 Nf6 5.Bd3 g6 6.O-O Bg7 7.Kh1 Nc6 8.Nxc6 
bxc6 9.f4 Qb6 10.Nc3 Ng4 11.Qe1 h5 12.Rb1 Rb8 13.Bd2 Bd4 14.Na4 Qc7 15.c3 
Bg7 16.h3 Nf6 17.c4 h4 18.Bc3 Kf8 19.e5 Nh5 20.Qxh4 dxe5 21.fxe5 Bxe5 22.
Bxe5 Qxe5 23.Rf3 g5 24.Re1 Qa5 25.Qf2 f6 26.Qe3 Qc7 27.Qxg5 c5 28.Nxc5 
Rxb2 29.Bg6 Bxh3 30.Rxh3 Ng3+ 31.Kg1 fxg5 32.Rxh8+ Kg7 33.Ne6+ Kxh8 34.
Nxc7 Ne2+ 35.Kh2 Nf4 36.Be4 Rxa2 37.Nd5 a5 38.Nxf4 gxf4 39.Bd5 Rc2 40.Kh3 
Rc3+ 41.Kh4 a4 42.Rxe7 a3 43.Kg5 Re3 44.Ra7 1-0

[Event "XIX Festival Conca della Presolana Magistrale"]
[Site "Bratto - Castione della Presolana ITA"]
[Date "1999.08.23"]
[Round "2"]
[White "Scavo, Fernando"]
[Black "Drazic, Sinisa"]
[Result "0-1"]
[WhiteElo "2290"]
[BlackElo "2493"]
[PlyCount "90"]
[EventDate "1999.08.22"]

1.e4 c5 2.c3 e6 3.d4 d5 4.e5 Bd7 5.Nf3 a6 6.Be3 cxd4 7.cxd4 Bb5 8.Bxb5+ 
axb5 9.O-O Nc6 10.Nc3 b4 11.Ne2 Nge7 12.Ng3 Ng6 13.Nh5 f6 14.exf6 gxf6 15.
Qd2 Qe7 16.Bh6 Rg8 17.Rfe1 Bxh6 18.Qxh6 O-O-O 19.a3 b3 20.Qe3 e5 21.Rac1 
Kb8 22.Qxb3 Qd6 23.Qb6 e4 24.Nd2 Nh4 25.Ng3 f5 26.Nb3 Na7 27.Qa5 b6 28.Qa6
f4 29.Rc3 b5 30.Nc5 Qxa6 31.Nxa6+ Kb7 32.Nc5+ Kb6 33.Ne6 fxg3 34.Nxd8 
gxf2+ 35.Kxf2 Rxd8 36.Rh3 Nf5 37.Rxh7 Nxd4 38.Rh6+ Nac6 39.Rc1 Rf8+ 40.Ke1
e3 41.Rh3 e2 42.Kd2 Rf2 43.Rg3 Ne5 44.b3 Nf5 45.Rg5 e1=Q+ 0-1

[Event "XIX Festival Conca della Presolana Magistrale"]
[Site "Bratto - Castione della Presolana ITA"]
[Date "1999.08.23"]
[Round "2"]
[White "Temi, Walter"]
[Black "Galli, Fabio"]
[Result "1/2-1/2"]
[WhiteElo "2096"]
[BlackElo "2158"]
[PlyCount "88"]
[EventDate "1999.08.22"]

1.e4 c5 2.Nf3 d6 3.c3 Nc6 4.h3 Nf6 5.Bd3 e6 6.Bc2 Bd7 7.O-O Be7 8.a3 Qc7 
9.d4 cxd4 10.cxd4 Rc8 11.Nc3 O-O 12.Bg5 Qd8 13.Qd3 e5 14.Rad1 Be8 15.Bb1 
Nd7 16.Be3 Nb6 17.Nd5 Nxd5 18.exd5 f5 19.dxe5 dxe5 20.dxc6 Qxd3 21.Bxd3 e4
22.cxb7 Rb8 23.Bc4+ Kh8 24.Ne5 Rxb7 25.Bd4 Rf6 26.Be2 Re6 27.Rc1 Bf6 28.
Rc5 Rbe7 29.Bc4 Bxe5 30.Bxe6 Bxd4 31.Rxf5 g6 32.Rf8+ Kg7 33.Rg8+ Kh6 34.
Ba2 Bxb2 35.a4 Bxa4 36.Rd8 a5 37.Rb1 Bc3 38.Rc1 Bb4 39.Bb1 Bb3 40.Rd4 e3 
41.fxe3 Rxe3 42.Rd3 Rxd3 43.Bxd3 a4 44.Bc4 Bd2 1/2-1/2